| 000 | 00769nam a22002057a 4500 | ||
|---|---|---|---|
| 003 | AM-YeHGA | ||
| 005 | 20250617164523.0 | ||
| 008 | 220530s1962 ru ||||| |||| 00| 0 rus d | ||
| 040 | _aAM-YeHGA | ||
| 041 | 0 | _arus | |
| 100 | 1 | _aЖитников, Николай Афанасьевич | |
| 245 | 1 | 0 |
_aМонтаж домов из объемных элементов / _cН.А. Житников. |
| 260 |
_aМосква : _bПрофтехиздат, _c1962. |
||
| 300 |
_a92 с., _bил. |
||
| 440 | 0 | _aНовая техника и передовые методы труда | |
| 653 | 0 | _aЖилые здания из объемно-пространственных элементов - Монтаж | |
| 942 |
_2udc _cBK |
||
| 001 | 1837151 | ||
| 090 | _c532886 | ||
| 999 |
_c525658 _d525658 |
||